Social Issues in Literature and Media/ (Record no. 206231)

MARC details
000 -LEADER
fixed length control field 00576nam a2200193 4500
005 - DATE AND TIME OF LATEST TRANSACTION
control field 20241010114519.0
010 ## - LCCN (DPL NO)
LC control number ENG-142016
020 ## - INTERNATIONAL STANDARD BOOK NUMBER
International Standard Book Number 9789387102781
Terms of availability 350.00
035 ## - SYSTEM CONTROL NUMBER
System control number EN-125548
037 ## - SOURCE OF ACQUISITION
Source of stock number/acquisition DBAD
082 ## - DEWEY DECIMAL CLASSIFICATION NUMBER
Classification number 659.11
100 ## - MAIN ENTRY--PERSONAL NAME
Personal name Natarajan, V.
245 ## - TITLE STATEMENT
Title Social Issues in Literature and Media/
Statement of responsibility, etc by V. Natarajan
250 ## - EDITION STATEMENT
Edition statement 1
260 ## - PUBLICATION, DISTRIBUTION, ETC. (IMPRINT)
Place of publication, distribution, etc Madurai
Name of publisher, distributor, etc Shanlax Publications
Date of publication, distribution, etc 2018
270 ## - ADDRESS
Address 61,66 Vasantha Nagar
City Madurai
Postal code 625003
Electronic mail address shanlaxpublications@gmail.com
300 ## - PHYSICAL DESCRIPTION
Extent 171p.
Dimensions 24cm(Pb)
942 ## - ADDED ENTRY ELEMENTS (KOHA)
Source of classification or shelving scheme Dewey Decimal Classification
Item type English Books
Classification part 659.11
Call number suffix NAT
Holdings
Withdrawn status Lost status Not for loan Collection code Home library Current library Date acquired Source of acquisition Cost, normal purchase price Full call number Barcode Copy number Cost, replacement price Koha item type
      Non-fiction Bawana Bawana 10/10/2024 Delivery of Books Act Division 350.00 659.11 NAT EN-125548 1 350.00 English Books

© Delhi Public Library
Hit Counter
free hit counter